Programmation quadratique: algorithmes, anomalies applications

Salvato in:
Dettagli Bibliografici
Autore principale: Boot, J. C
Natura: Libro
Lingua:francese
Pubblicazione: París, Francia Dunod 1968
Serie:Finance et Économie Appliquée. 27
Soggetti:
Tags: Aggiungi Tag
Nessun Tag, puoi essere il primo ad aggiungerne!!

MARC

LEADER 00000nam a2200000 a 4500
001 UCU3876
003 CL-VaPUC
005 20230629131652.0
008 960510e19680000FR |||||||||||||||||fre|d
999 |c 247741  |d 247739 
040 |c Pontificia Universidad Católica de Valparaíso 
082 0 4 |a 519.76 BOO 1968  |2 21 
100 0 |a Boot, J. C  |9 361083 
245 1 0 |a Programmation quadratique: algorithmes, anomalies applications 
260 0 3 |a París, Francia  |b Dunod  |c 1968 
300 |a 215 páginas 
490 0 |a Finance et Économie Appliquée.  |v 27 
583 |a last modification  |c 19960510 00:00:00  |k Rodrigo Vera 
650 0 |a Programación matemática   |9 260785 
650 0 |a Algoritmos   |9 260639 
650 0 |a Álgebra  |9 259567 
650 0 |a Matrices   |9 22 
650 0 |a Programación lineal   |9 23 
942 |c BK  |2 ddc 
945 |d 19960510 00:00:00  |a lriquelm 
952 |0 0  |1 0  |2 ddc  |4 0  |6 519_760000000000000_BOO_1968  |7 0  |8 A  |9 263873  |a BIBING  |b BIBING  |d 2019-11-19  |i 1657666  |o 519.76 BOO 1968  |p 1657666  |r 2025-01-20  |t 1  |w 2019-11-19  |y BK  |k ING